000 00652nam a22002417a 4500
003 UA-OsUOA
001 54506
007 ta
008 20080618b un ||||| |||| 00| 0 ukr d
100 _aТокарєва В. І.
090 _a347.6(075.8)
_bТ51
942 _cBK
040 _aUA-OsUOA
_bukr
_cUA-OsUOA
_dUA-OsUOA
245 _aСімейне право України
_bпрактикум
300 _a284 с.
955 _a2
041 _aukr
080 _a347.6(075.8)
020 _a966-346-215-9
260 _aК.
_bЗнання
_c2007
650 7 _a347 Цивільне право. Судовий устрій
_2UDC
999 _c340467
_d340467